Quiz film "Chiedimi se sono felice" di Aldo, Giovanni e Giacomo - Statistics

Statistiche generali
  • Questo quiz è stato fatto 133 volte
  • Il punteggio medio è 12 su 18
Statistiche sulle risposte
Definizione Risposta % Corretto
Professione di Giovanni mimo ai Grandi Magazzini
88%
Commedia teatrale che insceneranno i tre Cyrano de Bergerac
84%
Completa il testo della canzone: "Cerca di essere _____________".Pure i fermenti lattici lo sanno! un tenero amante
80%
Duo comico che fa una piccola comparsa nel film (scena dell'ospedale e a teatro) Ficarra e Picone
76%
Attrice che interpreterà la parte di Rossana Silvana
75%
- anello di Marina
73%
Città in cui si reca Giovanni per raggiungere Marina dopo la loro rottura Francoforte
72%
- collana di Daniela
69%
Ciò che Giovanni dimentica al supermercato e torna a recuperare 500 lire nel carrello della spesa
68%
Professione di Giacomo doppiatore
66%
Fobia di Giovanni viaggiare in aereo
66%
Cose che quest'ultimo tenta di rubare: portafogli di Aldo
64%
Parente di Aldo che accoglie gli amici in Sicilia Zia Caterina
61%
Opera veneziana che avrebbe voluto invece interpretare Giovanni La locandiera
54%
Cantante di cui Aldo cerca di insegnare una celebre canzone a Giacomo prima della cena Marco Ferradini
54%
Nome del ladro che irrompe in casa, sbagliando indirizzo, la sera della cena Beppe
50%
Luogo di lavoro di Aldo Teatro alla Scala di Milano
44%
- bicicletta di Giovanni
33%
Nessun quiz corrispondente trovato
Distribuzione punteggi
Percentuale di utenti per punteggio
Percentile per numero di risposta
I tuoi punteggi nel tempo
Non hai fatto questo quiz